000 00346 a2200169 4500
001 184918
020 _a85-08-00125-8
040 _cMagnum
100 _aOliveira, José Carlos
240 1 0 _aCrônicas 7
_lpor
245 1 0 _aCrônicas 7
300 _a80
362 0 _a1994
440 1 _aÁtica
697 _aLITERATURA JUVENIL
942 _cBK
999 _c184918
_d184918